| 000 | 00780 a2200229 4500 | ||
|---|---|---|---|
| 005 | 2008090502332.0 | ||
| 008 | 080905t xxu||||| |||| 00| 1 eng d | ||
| 010 | _aENG-87581 | ||
| 020 |
_a8181573560 _c250.00 |
||
| 035 | _aEN-71114 | ||
| 037 | _bDBAD / PUB | ||
| 082 | _aS | ||
| 100 | _aDaniels, Michael Chacko | ||
| 245 |
_aThat Damn romantic fool _cby Michael Chacko Daniels |
||
| 250 | _a2nd rev. ed. | ||
| 260 |
_aCalcutta _bWriters Workshop _c2005 |
||
| 270 |
_a162/92, Lake Gardens, _bCalcutta _e700 045 |
||
| 300 |
_a200p. _c22 cm (Hb) |
||
| 490 | _aWriters workshop greenbird book | ||
| 942 |
_adpl _cEN _kS / DAN _2ddc _hS _mDAN |
||
| 999 |
_c6688 _d6688 |
||